[Event "AUTO-INT-3765"]
[Site "http://www.queenalice.com/game.php?id=1794160"]
[Date "2022.8.12"]
[Round "1"]
[White "game"]
[Black "Tenor"]
[Result "0-1"]
[WhiteElo "1415"]
[BlackElo "1747"]

1. e4 Nc6 2. Nf3 e5 3. Bc4 Nf6 4. Ng5 d5 5. Bb3 h6 6. Nf3 d4 7. Nh4 Nxe4 8. d3
Nf6 9. O-O Bd6 10. a4 O-O 11. Re1 Re8 12. Bxf7+ Kxf7 13. Bd2 a5 14. b4 Bxb4 15.
h3 Bxd2 16. Qxd2 e4 17. Na3 Nb4 18. Rf1 b6 19. f3 e3 20. Qe2 Nfd5 21. c4 dxc3
22. Rac1 Qxh4 23. g4 Qxh3 24. Nb5 Nf4 25. Qe1 Qg2# 0-1

[Event "AUTO-ADV-4633"]
[Site "http://www.queenalice.com/game.php?id=1794600"]
[Date "2022.8.19"]
[Round "1"]
[White "BobFicha"]
[Black "Tenor"]
[Result "1-0"]
[WhiteElo "1922"]
[BlackElo "1762"]

1. e4 Nc6 2. Nf3 e5 3. Bb5 Nge7 4. Nc3 a6 5. Bc4 h6 6. O-O Na5 7. Qe2 Nxc4 8.
Qxc4 d6 9. h3 Be6 10. Qb4 c5 11. Qxb7 Qb8 12. Qxb8+ Rxb8 13. d3 Nc6 14. a3 Be7
15. b3 O-O 16. Rb1 Nd4 17. Nxd4 exd4 18. Ne2 d5 19. e5 c4 20. Nxd4 Bc5 21. Nxe6
fxe6 22. b4 Bd4 23. Kh1 Bxe5 24. f4 Bd4 25. Bb2 Be3 26. g3 Rbc8 27. dxc4 Rxc4
28. c3 Bd2 29. Rf3 Rfc8 30. Kg2 Bxc3 31. Bxc3 Rxc3 32. Rxc3 Rxc3 33. Ra1 d4 34.
Kf2 Rc2+ 35. Ke1 Rc3 36. Kf2 Rc2+ 37. Kf3 d3 38. Rd1 Rc3 39. Ke3 d2+ 40. Kxd2
Rxa3 41. Re1 Kf7 42. Re3 Rxe3 43. Kxe3 g6 44. Ke4 Ke7 45. Kd4 Kd6 46. Kc4 Kc6
47. g4 Kb6 48. Kd4 Kc6 49. Ke5 Kd7 50. Kf6 g5 51. fxg5 hxg5 52. Kxg5 e5 53. Kf5
Kd6 54. Ke4 Ke6 55. g5 1-0

[Event "AUTO-ADV-4633"]
[Site "http://www.queenalice.com/game.php?id=1794601"]
[Date "2022.8.19"]
[Round "1"]
[White "Tenor"]
[Black "BobFicha"]
[Result "0-1"]
[WhiteElo "1773"]
[BlackElo "1906"]

1. c4 Nf6 2. d4 g6 3. Nc3 Bg7 4. e4 d6 5. Nf3 Bg4 6. h3 Bxf3 7. Qxf3 e5 8. Be3
O-O 9. Rd1 Re8 10. c5 Qe7 11. Bd3 exd4 12. Bxd4 dxc5 13. Be3 b6 14. O-O c6 15.
b3 Nbd7 16. Bf4 b5 17. Rfe1 Ne5 18. Qg3 Nxd3 19. Qxd3 Rad8 20. Qe2 Nd7 21. Qf3
Ne5 22. Qg3 Rxd1 23. Nxd1 Qd6 24. Nb2 Qf6 25. Nd3 Nxd3 26. Qxd3 Qxf4 27. Qf3
Qxf3 28. gxf3 f5 29. Kf1 f4 30. Rd1 Bd4 31. b4 Rc8 32. bxc5 Bxc5 33. Kg2 a5 34.
Rd3 b4 35. Rd7 a4 36. Rd3 a3 37. h4 h6 38. Rd7 b3 0-1

[Event "AUTO-ADV-4633"]
[Site "http://www.queenalice.com/game.php?id=1794612"]
[Date "2022.8.19"]
[Round "1"]
[White "Danado"]
[Black "Tenor"]
[Result "0-1"]
[WhiteElo "1681"]
[BlackElo "1781"]

1. e4 Nc6 2. a3 Nf6 3. Nc3 e5 4. Nf3 Bc5 5. h3 O-O 6. d3 d5 7. b4 Bb6 8. Na4
dxe4 9. Nxb6 cxb6 10. Ng5 Bf5 11. dxe4 Qxd1+ 12. Kxd1 Nxe4 13. Nxe4 Bxe4 14. Be3
Rad8+ 15. Kc1 Rd6 16. Be2 Nd4 17. Bxd4 Rxd4 18. f3 Bc6 19. Rd1 Rfd8 20. Kb2 Rd2
21. Rxd2 Rxd2 22. Re1 f6 23. Kc1 Rd7 24. h4 h6 25. Bd3 Kf7 26. Rd1 g6 27. Bc4+
Ke7 28. Rxd7+ Bxd7 29. Kd2 a6 30. g3 Bc6 31. Ke3 f5 32. c3 g5 33. hxg5 hxg5 34.
f4 Kf6 35. fxe5+ Kxe5 36. Bf7 f4+ 37. Kf2 g4 38. Bh5 Bf3 39. c4 fxg3+ 40. Kxg3
Kd4 41. Bf7 Kc3 42. Be6 Kb3 43. c5+ Kxa3 0-1

[Event "AUTO-ADV-4633"]
[Site "http://www.queenalice.com/game.php?id=1794613"]
[Date "2022.8.19"]
[Round "1"]
[White "Tenor"]
[Black "Danado"]
[Result "1-0"]
[WhiteElo "1769"]
[BlackElo "1672"]

1. c4 e5 2. e4 Nc6 3. Nf3 Bc5 4. Nc3 Nf6 5. Be2 Ng4 6. O-O Nxf2 7. Rxf2 Bxf2+ 8.
Kxf2 h6 9. d4 Qf6 10. Nd5 Qd6 11. c5 Qe6 12. Nxc7+ Kd8 13. Nxe6+ dxe6 14. Nxe5
Nxe5 15. dxe5+ Ke7 16. Qd6+ Ke8 17. Bb5+ 1-0

[Event "AUTO-ADV-4633"]
[Site "http://www.queenalice.com/game.php?id=1794618"]
[Date "2022.8.19"]
[Round "1"]
[White "Fredo"]
[Black "Tenor"]
[Result "1-0"]
[WhiteElo "1987"]
[BlackElo "1728"]

1. d4 d5 2. Nf3 Nc6 3. Nc3 Bf5 4. a3 Nf6 5. Bg5 h6 6. Bxf6 exf6 7. e3 Bd6 8. Bd3
Ne7 9. O-O O-O 10. Nb5 a6 11. Nxd6 Qxd6 12. Qd2 b5 13. c3 c5 14. Rad1 c4 15. Bc2
Bg6 16. Rfe1 Be4 17. Qe2 a5 18. Kh1 b4 19. Bxe4 dxe4 20. Nd2 bxa3 21. Nxc4 axb2
22. Qxb2 Qc7 23. Nd2 f5 24. c4 Rfb8 25. Qa3 Ng6 26. c5 f4 27. Nxe4 Rb4 28. Nd6
Rab8 29. g3 fxg3 30. hxg3 Rb3 31. Qa4 R8b4 32. Qe8+ Nf8 33. Kg2 Rb8 34. Qe4 a4
35. Ra1 a3 36. Qc2 Rb2 37. Qa4 R8b4 38. Qxa3 Qc6+ 39. Kg1 Qf3 40. Rf1 Qd5 41.
Qa7 Rc2 42. e4 Qe6 43. d5 Qd7 44. c6 Qxa7 45. Rxa7 f6 46. Rfa1 Rb8 47. Rb7 1-0

[Event "AUTO-ADV-4633"]
[Site "http://www.queenalice.com/game.php?id=1794619"]
[Date "2022.8.19"]
[Round "1"]
[White "Tenor"]
[Black "Fredo"]
[Result "0-1"]
[WhiteElo "1754"]
[BlackElo "1952"]

1. c4 Nf6 2. d4 g6 3. Nc3 d5 4. e3 Bg7 5. c5 O-O 6. Nge2 c6 7. b4 Bf5 8. Ng3 Be6
9. Bd3 Nbd7 10. O-O h6 11. h3 Ne8 12. Nce2 f5 13. Nf4 Bf7 14. f3 e5 15. dxe5
Nxe5 16. e4 Nxd3 17. Rb1 Nxc1 18. Rxc1 Qg5 19. Nge2 fxe4 20. fxe4 dxe4 21. g3
Nf6 22. a4 Nd5 23. Qd2 e3 24. Qd3 Rad8 25. h4 Qg4 26. Kh2 Nxf4 27. Rxf4 Rxd3 28.
Rxg4 Rd2 29. Re1 Bd5 30. Rd4 Bxd4 0-1

[Event "AUTO-ADV-4638"]
[Site "http://www.queenalice.com/game.php?id=1795495"]
[Date "2022.9.5"]
[Round "1"]
[White "MePa"]
[Black "Tenor"]
[Result "1/2-1/2"]
[WhiteElo "1774"]
[BlackElo "1785"]

1. e4 e5 2. Nf3 Nf6 3. d4 Nxe4 4. Bd3 d5 5. Nxe5 Bd6 6. O-O O-O 7. Re1 Nf6 8.
Nc3 Nbd7 9. Bf4 c5 10. dxc5 Nxc5 11. h3 Nxd3 12. Nxd3 Be6 13. a4 a6 14. Qf3 Qd7
15. Ne2 h6 16. b3 Bxf4 17. Nexf4 Rac8 18. Rac1 Rc3 19. Re5 Rfc8 20. Ne2 Rxc2 21.
Rxc2 Rxc2 22. Nb4 Rc7 23. Nf4 Bf5 24. Nbxd5 Qc6 25. Ne7+ Rxe7 26. Qxc6 bxc6 27.
Rxf5 Re1+ 28. Kh2 Rb1 29. Ra5 Rxb3 30. Rxa6 Rb4 31. Nd3 Rd4 32. Ne5 c5 33. a5
Ra4 34. Nd7 Nxd7 35. Rd6 Rd4 36. Rc6 Ra4 37. Rc7 Nb8 38. Rxc5 Na6 39. Re5 Kf8
40. Kg3 Nc7 41. Kf3 g5 42. Ke3 Rb4 43. Kd3 Rb5 44. Rxb5 Nxb5 45. a6 Ke7 46. Kc4
Nc7 47. a7 Kd6 48. g3 Kc6 49. Kd4 f6 50. Ke4 Kb7 51. Kf5 Nd5 52. Kg6 Kxa7 53.
Kxh6 Nb6 54. Kg6 Nd7 55. f4 gxf4 56. gxf4 Kb7 57. h4 Kc7 58. h5 Kd8 59. h6 Ke8
60. Kg7 Nf8 1/2-1/2

[Event "AUTO-ADV-4638"]
[Site "http://www.queenalice.com/game.php?id=1795496"]
[Date "2022.9.5"]
[Round "1"]
[White "Tenor"]
[Black "MePa"]
[Result "0-1"]
[WhiteElo "1793"]
[BlackElo "1733"]

1. c4 Nf6 2. d4 e6 3. Nc3 d5 4. c5 c6 5. Nf3 b6 6. cxb6 axb6 7. e3 Bb4 8. Bd2
Ba6 9. Bxa6 Rxa6 10. a3 Bd6 11. b4 Nbd7 12. O-O O-O 13. Qe2 Ra7 14. g3 Re8 15.
Ne5 Nxe5 16. dxe5 Bxe5 17. Rfd1 Ree7 18. e4 d4 19. Bf4 Bxf4 20. gxf4 Red7 21. e5
dxc3 22. Qc2 Nd5 23. Rd4 Qh4 24. Qc1 c5 25. bxc5 bxc5 26. Rc4 Rdc7 27. Rb1 f6
28. exf6 gxf6 29. Rb5 Qg4+ 30. Kh1 Qf3+ 31. Kg1 Rxa3 32. Qxa3 Rg7+ 33. Kf1 Qd1#
0-1

[Event "AUTO-ADV-4638"]
[Site "http://www.queenalice.com/game.php?id=1795513"]
[Date "2022.9.5"]
[Round "1"]
[White "Tenor"]
[Black "mvson33"]
[Result "0-1"]
[WhiteElo "1722"]
[BlackElo "1987"]

1. c4 Nf6 2. d4 d5 3. c5 c6 4. Nc3 Nbd7 5. Bf4 e6 6. Nf3 Be7 7. e3 O-O 8. Ne5
Nxe5 9. Bxe5 Bd7 10. Be2 b6 11. Na4 bxc5 12. dxc5 Qa5+ 13. Bc3 Qc7 14. h3 Ne4
15. O-O Nxc3 16. Nxc3 Bxc5 17. Na4 Bd6 18. Rc1 Qb7 19. b3 Rac8 20. Nc5 Bxc5 21.
Rxc5 Qb6 22. Rc3 Rfd8 23. Qc2 c5 24. Rc1 Rc7 25. b4 Rdc8 26. bxc5 Qb8 27. a4 Qb4
28. Rb3 Qxa4 29. Rcb1 g6 30. Bd1 Qa6 31. Qd3 Qxd3 32. Rxd3 Rxc5 33. Rb7 R5c7 34.
Rdb3 Ba4 35. Rb1 Bxd1 36. Rxc7 Rxc7 37. Rxd1 a5 38. g4 Kf8 39. f4 Rc3 40. Kf2 a4
41. Ra1 a3 42. h4 Rc2+ 43. Kg3 a2 44. Kf3 Ke7 45. Kg3 Rb2 46. Kf3 Kd6 47. e4 Kc5
48. e5 Kb4 49. Ke3 Kb3 50. Kd3 Rb1 0-1

[Event "AUTO-ADV-4638"]
[Site "http://www.queenalice.com/game.php?id=1795514"]
[Date "2022.9.5"]
[Round "1"]
[White "mvson33"]
[Black "Tenor"]
[Result "1-0"]
[WhiteElo "1881"]
[BlackElo "1785"]

1. e4 e5 2. Nf3 Nc6 3. Bc4 h6 4. O-O Nf6 5. d3 Bc5 6. Nc3 O-O 7. a3 d6 8. h3 Na5
9. Ba2 a6 10. b4 Bd4 11. Bb2 b5 12. bxa5 c6 13. Nxd4 exd4 14. Ne2 c5 15. Ng3 d5
16. exd5 Nxd5 17. Bxd5 Qxd5 18. Re1 Bb7 19. f3 Qg5 20. Ne4 Qd5 21. Bc1 c4 22.
Bxh6 Rfe8 23. Bf4 Re7 24. Nf6+ 1-0

[Event "AUTO-ADV-4638"]
[Site "http://www.queenalice.com/game.php?id=1795515"]
[Date "2022.9.5"]
[Round "1"]
[White "Tenor"]
[Black "jagiellonczyk"]
[Result "0-1"]
[WhiteElo "1717"]
[BlackElo "2050"]

1. c4 Nf6 2. d4 e6 3. d5 exd5 4. cxd5 Bc5 5. Nc3 d6 6. h3 O-O 7. e4 h6 8. Nf3
Bb4 9. Bd2 Bxc3 10. Bxc3 Nxe4 11. Qc2 Re8 12. Be2 Nf6 13. O-O Nxd5 0-1

[Event "AUTO-ADV-4638"]
[Site "http://www.queenalice.com/game.php?id=1795516"]
[Date "2022.9.5"]
[Round "1"]
[White "jagiellonczyk"]
[Black "Tenor"]
[Result "1-0"]
[WhiteElo "2047"]
[BlackElo "1720"]

1. e4 Nc6 2. Nf3 Nf6 3. Nc3 e5 4. Bc4 h6 5. O-O d6 6. Re1 Na5 7. Bb3 Nxb3 8.
cxb3 Be7 9. h3 O-O 10. d3 c6 11. a4 a5 12. Ne2 Qc7 13. Bd2 1-0

[Event "AUTO-OPEN-4392"]
[Site "http://www.queenalice.com/game.php?id=1796650"]
[Date "2022.9.21"]
[Round "1"]
[White "Akopian"]
[Black "Tenor"]
[Result "1-0"]
[WhiteElo "2173"]
[BlackElo "1746"]

1. e4 e5 2. Nf3 Nc6 3. Bc4 h6 4. O-O Nf6 5. d3 Bc5 6. Nc3 a6 7. Be3 Bxe3 8. fxe3
Ng4 9. Qe1 O-O 10. Nd5 Nb4 11. Qxb4 Re8 12. h3 Nf6 13. Nxf6+ Qxf6 14. Nd4 Qe7
15. Bxf7+ Qxf7 16. Rxf7 Kxf7 17. Rf1+ Kg6 18. Nf5 d6 19. Qc3 Be6 20. Qxc7 Rg8
21. Nxd6 b5 22. a3 Rgd8 23. Nf7 Rd7 24. Nxe5+ 1-0

[Event "AUTO-OPEN-4392"]
[Site "http://www.queenalice.com/game.php?id=1796651"]
[Date "2022.9.21"]
[Round "1"]
[White "Tenor"]
[Black "Akopian"]
[Result "0-1"]
[WhiteElo "1717"]
[BlackElo "2108"]

1. d4 c6 2. e4 d5 3. e5 Bf5 4. Nf3 e6 5. Be2 Nd7 6. O-O c5 7. Bd3 Bxd3 8. Qxd3
cxd4 9. Qxd4 Bc5 10. Qd3 Ne7 11. Be3 Nc6 12. Bxc5 Nxc5 13. Qb5 Qb6 14. Qxb6 axb6
15. a3 O-O 16. Nbd2 Nd7 17. Rfe1 Rfc8 18. c3 Na5 19. Rec1 Nc4 20. Nxc4 Rxc4 21.
b3 Rc7 22. Nd4 Nxe5 23. a4 Rac8 24. Nb5 Rc5 25. Nd6 R8c7 26. b4 Rxc3 27. Rxc3
Rxc3 28. h3 Rc7 29. Nb5 Rc4 30. Rb1 Nd3 31. Nd6 Rxb4 32. Ra1 Nc5 33. a5 Ra4 34.
Rb1 bxa5 35. Rb5 Ra1+ 36. Kh2 b6 37. Rxb6 Nd7 38. Rb2 a4 39. Rb4 a3 40. Ra4 g6
41. Nb5 Nb6 42. Ra6 Nc4 43. Ra4 Rb1 44. Nc3 Rb3 45. Na2 Rb2 46. Nc3 Rc2 47. Nb1
Rxf2 0-1

[Event "AUTO-OPEN-4392"]
[Site "http://www.queenalice.com/game.php?id=1796674"]
[Date "2022.9.21"]
[Round "1"]
[White "Tenor"]
[Black "mestre62"]
[Result "1-0"]
[WhiteElo "1715"]
[BlackElo "1379"]

1. d4 d5 2. Nf3 e6 3. Nc3 Bb4 4. Bd2 Nf6 5. e3 Bxc3 6. Bxc3 Ne4 7. Qd3 Nxc3 8.
Qxc3 O-O 9. Bd3 c6 10. O-O Nd7 11. e4 dxe4 12. Bxe4 Nf6 13. Rae1 Ng4 14. h3 Nf6
15. Rd1 Nxe4 16. Qd3 Nf6 17. c3 Nd5 18. h4 Nf4 19. Qe4 Nd5 20. Qd3 Nf4 21. Qe3
Nd5 22. Qg5 f6 23. Qh5 Nf4 24. Qc5 Kh8 25. c4 Ne2+ 26. Kh1 Bd7 27. g3 b6 28. Qa3
Qc7 29. Rde1 Nxd4 30. Nxd4 e5 31. Nf3 c5 32. Nd2 Qc6+ 33. f3 Bh3 34. Rf2 f5 35.
Rxe5 a5 36. Kh2 1-0

[Event "AUTO-OPEN-4392"]
[Site "http://www.queenalice.com/game.php?id=1796675"]
[Date "2022.9.21"]
[Round "1"]
[White "mestre62"]
[Black "Tenor"]
[Result "0-1"]
[WhiteElo "1360"]
[BlackElo "1718"]

1. e4 e5 2. d3 Nf6 3. Bg5 Be7 4. Nc3 O-O 5. Bxf6 Bxf6 6. Nd5 c6 7. Nxf6+ Qxf6 8.
Nf3 h6 9. Be2 d6 10. c4 Be6 11. b3 d5 12. d4 Nd7 13. exd5 cxd5 14. dxe5 Nxe5 15.
Nd4 Ng4 16. Bxg4 Bxg4 17. Qxg4 Rae8+ 18. Kd1 Re4 19. Qf3 Qxd4+ 20. Kc1 dxc4 21.
b4 Qxa1+ 22. Kc2 Qxa2+ 23. Kc3 Qa3+ 24. Kd2 Qxf3 25. gxf3 Rd4+ 26. Kc3 Rfd8 27.
Rg1 g5 28. Rg2 b5 29. Rg4 Rd3+ 30. Kc2 Re8 31. f4 Re2+ 32. Kc1 c3 33. fxg5 Rdd2
34. Kb1 Re1# 0-1

[Event "AUTO-OPEN-4405"]
[Site "http://www.queenalice.com/game.php?id=1800664"]
[Date "2022.11.26"]
[Round "1"]
[White "SGF"]
[Black "Tenor"]
[Result "1-0"]
[WhiteElo "1705"]
[BlackElo "1699"]

1. e4 e5 2. Qf3 Nf6 3. d3 d6 4. Be2 Nc6 5. c3 Bg4 6. Qg3 h5 7. Qh4 Qe7 8. Bg5
Qe6 9. Bxf6 Qxf6 10. Qxf6 gxf6 11. h4 1-0

[Event "AUTO-OPEN-4405"]
[Site "http://www.queenalice.com/game.php?id=1800665"]
[Date "2022.11.26"]
[Round "1"]
[White "Tenor"]
[Black "SGF"]
[Result "0-1"]
[WhiteElo "1683"]
[BlackElo "1721"]

1. e4 e5 2. Nf3 Qf6 3. d3 d6 4. Be2 Be7 5. O-O Qg6 6. Be3 Bh3 7. Ne1 h5 8. Kh1
Bg4 9. h3 Qh7 10. Bxg4 hxg4 11. Qxg4 Nd7 12. Nf3 Ngf6 0-1